BIBLIOTHÈQUE DE LA MAISON DU MEXIQUE

Logo 1 Logo 2

Tierra de la primavera (notice nᵒ 8473)

détails MARC
000 -Sello discográfico
campo de control de longitud fija 00974nam a2200325 4500
005 - Identificación de versión
campo de control 20260220104132.0
010 ## - Número Estándar Internacional de Libros (ISBN)
Número (ISBN) 968-29-9546-9
035 ## - Otros números de control del sistema
Número de control del sistema 29333
099 ## - fechas locales
Tipo de ítem Koha LIBRO
100 ## - Datos de procesamiento general
Datos de procesamiento general 20021018d1996 m y1spay5003 ba
101 1# - Idioma del recurso
Idioma del texto, banda sonora, etc. Español; Castellano
Idioma de la obra original Alemán
105 ## - Campo de datos codificados: Material textual, monográfico
Datos codificados de monografía y 001ay
200 1# - Título y mención de responsabilidad
Título propio Tierra de la primavera
Designación general del material texto impreso
Primer mención de responsabilidad Bruno Traven
Declaración de responsabilidad subsiguiente traducción Angélika Scherp
-- prólogo Alberto Vital
205 ## - Declaración de edición
Declaración de edición 1a ed
210 ## - Publicación, distribución, etc.
Lugar de publicación, distribución, etc. México
Nombre del editor, distribuidor, etc. Consejo Nacional para la Cultura y las Artes
Fecha de publicación, distribución, etc. 1996
215 ## - Descripción física
Designación de material específico y extensión del ítem 370 p
Dimensiones 21 cm
345 ## - Nota de información de adquisición
Fuente de adquisición/dirección de la suscripción [OBSOLETO] Donación
410 #1 - Series
Título Colección Mirada viajera
454 #1 - Traducción de
Título Land des Frühlings
606 ## - Término temático usado como materia
Elemento de entrada Indios de Chiapas
Número Koha 8084
607 ## - Nombre geográfico utilizado como tema
Elemento de entrada México
Subdivisión temática Descripción y viajes
Número Koha 1948
660 ## - Código de área geográfica
Código MX
700 ## - Nombre personal - Responsabilidad primaria
Elemento de entrada Traven
Parte del nombre distinta del elemento de entrada Bruno
Fechas 1890-1969
Número Koha 2879
702 ## - Nombre personal - Responsabilidad secundaria
Elemento de entrada Scherp
Parte del nombre distinta del elemento de entrada Angelika
Número Koha 3818
702 ## - Nombre personal - Responsabilidad secundaria
Elemento de entrada Vital Díaz
Parte del nombre distinta del elemento de entrada Alberto
Fechas 1958-
Número Koha 2218
801 #0 - Fuente de origen
País FR
Agencia cm
Reglas de catalogación (convenciones descriptivas) AFNOR
942 ## - ELEMENTOS DE ENTRADA SECUNDARIOS (KOHA)
Tipo de ítem Koha Livre
Exemplaires
Estatus retirado Estado de daño Estado de pérdida Fecha de adquisición Biblioteca de origen Biblioteca actual Ubicación en estantería Código de barras Precio de reemplazo Signatura topográfica completa No para préstamo Tipo de ítem Koha Nota pública Nota no pública
      05/08/2025 Casa México Paris Casa México Paris   009022 05/08/2025 863.4 T779T   Livre 20231109LIV 751145101